[Event "XXXII Memorial Edoardo Crespi A"]
[Site "Milano ITA"]
[Date "2011.12.07"]
[Round "5"]
[White "Quaranta, Cristiano"]
[Black "Bemporad, Filippo"]
[Result "1-0"]
[WhiteElo "2118"]
[BlackElo "2070"]
[PlyCount "125"]
[EventDate "2011.12.03"]

1. d4 Nf6 2. Nf3 e6 3. c4 b6 4. g3 Bb7 5. Bg2 Be7 6. O-O O-O 7. Nc3 d5 8. cxd5
Nxd5 9. Nxd5 Bxd5 10. Qc2 Nd7 11. e4 Bb7 12. Bf4 Rc8 13. Rfe1 Nf6 14. Rad1 Re8
15. Ne5 c6 16. Qa4 a6 17. Qb3 b5 18. a4 h6 19. Re2 Qa5 20. Red2 Bb4 21. Rc2 c5
22. axb5 Qxb5 23. Bf1 Qb6 24. Nc4 Qc6 25. d5 exd5 26. exd5 Nxd5 27. Bg2 Rcd8
28. Nd6 Rxd6 29. Bxd6 Qxd6 30. Bxd5 Bxd5 31. Rxd5 Qe6 32. Qd3 a5 33. Rd8 Rxd8
34. Qxd8+ Kh7 35. Qd3+ Qg6 36. Qxg6+ Kxg6 37. b3 Kf5 38. Re2 f6 39. f3 Bc3 40.
Re4 h5 41. Kf2 g5 42. h3 Be5 43. Ra4 Bc3 44. Ke2 Bb4 45. Ke3 Ke5 46. Ra2 Kd5
47. Kd3 Be1 48. g4 h4 49. Re2 Bb4 50. Re8 Ba3 51. Rd8+ Ke5 52. Ra8 Bb4 53. Ke3
Bc3 54. Re8+ Kd5 55. Re4 Bb2 56. Ra4 Bc3 57. f4 Bb4 58. fxg5 fxg5 59. Ra1 c4
60. Rd1+ Kc5 61. Rc1 c3 62. Rf1 Ba3 63. Kd3 1-0

[Event "XXXII Memorial Edoardo Crespi A"]
[Site "Milano ITA"]
[Date "2011.12.07"]
[Round "5"]
[White "Radice, Luca"]
[Black "Gongalov, Bojan"]
[Result "1-0"]
[WhiteElo "1969"]
[BlackElo "2084"]
[PlyCount "97"]
[EventDate "2011.12.03"]

1. d4 Nf6 2. c4 g6 3. Nc3 d5 4. Bf4 Bg7 5. Rc1 c6 6. e3 O-O 7. Nf3 Bg4 8. h3
Bxf3 9. Qxf3 Qa5 10. Bd3 dxc4 11. Bxc4 Nbd7 12. O-O e5 13. dxe5 Nxe5 14. Bxe5
Qxe5 15. Rfd1 Rad8 16. Rxd8 Rxd8 17. Rd1 Qe7 18. Rxd8+ Qxd8 19. Ne4 Nd5 20. b4
b5 21. Bb3 Be5 22. Qd1 Qc7 23. Qd2 h6 24. f4 Bg7 25. Bxd5 cxd5 26. Qxd5 Qc4 27.
Qxc4 bxc4 28. Kf1 f5 29. Nf2 Bb2 30. Ke2 Bc1 31. b5 Kf7 32. g3 Ba3 33. Nd1 Ke6
34. e4 Kd6 35. exf5 gxf5 36. Ne3 Kc5 37. Nxf5 h5 38. Kd2 Kxb5 39. g4 hxg4 40.
hxg4 Bb2 41. Kc2 Ba1 42. g5 Kc5 43. g6 Kd5 44. g7 Bxg7 45. Nxg7 Ke4 46. f5 Ke5
47. Kc3 Kf6 48. Kxc4 Kxg7 49. Kb5 1-0

[Event "XXXII Memorial Edoardo Crespi A"]
[Site "Milano ITA"]
[Date "2011.12.07"]
[Round "5"]
[White "Sardo, Gabriele"]
[Black "Gori, Andrea"]
[Result "1-0"]
[WhiteElo "2218"]
[BlackElo "2087"]
[PlyCount "121"]
[EventDate "2011.12.03"]

1. e4 e5 2. Nf3 Nc6 3. Bc4 Bc5 4. d3 Nf6 5. c3 Be7 6. Nbd2 O-O 7. O-O d6 8. Re1
Na5 9. Bb5 a6 10. Ba4 b5 11. Bc2 c5 12. Nf1 Qc7 13. Ng3 Bd7 14. a3 Rfb8 15. d4
c4 16. h3 Nc6 17. Be3 a5 18. Qe2 Nd8 19. Bd2 Bf8 20. Nf1 Ne6 21. Kh2 Rb7 22. g3
Rab8 23. Ne3 Nd8 24. Rad1 Be6 25. Bc1 Rc8 26. dxe5 dxe5 27. Nd5 Qb8 28. Bg5 Ne8
29. Bxd8 Rxd8 30. Rd2 f6 31. Red1 Rbd7 32. a4 Nd6 33. Nh4 b4 34. Qe3 b3 35. Bb1
Nb7 36. f4 Nc5 37. fxe5 Qxe5 38. Nf3 Qh5 39. Nf4 Rxd2+ 40. Rxd2 Rxd2+ 41. Nxd2
Qd1 42. e5 fxe5 43. Nxe6 Nxe6 44. Bf5 Nc5 45. Nxc4 g6 46. Bg4 Qc2+ 47. Qe2 Bh6
48. Qg2 Bc1 49. Nxa5 Bxb2 50. Nxb3 Qxb3 51. Qa8+ Kg7 52. Qa7+ Nb7 53. Bf3 Bxc3
54. Qxb7+ Qxb7 55. Bxb7 Kf6 56. Kg2 Kg5 57. Kf3 h5 58. Be4 h4 59. g4 Ba5 60.
Bc2 Kf6 61. Ke4 1-0

[Event "XXXII Memorial Edoardo Crespi A"]
[Site "Milano ITA"]
[Date "2011.12.07"]
[Round "5"]
[White "Tramalloni, Luca"]
[Black "Astengo, Marcello"]
[Result "1-0"]
[WhiteElo "2111"]
[BlackElo "2048"]
[PlyCount "128"]
[EventDate "2011.12.03"]

1. d4 d5 2. c4 e6 3. Nf3 c6 4. Qc2 Nf6 5. Nbd2 Be7 6. g3 O-O 7. Bg2 Nbd7 8. O-O
b6 9. e4 Bb7 10. e5 Ne8 11. cxd5 cxd5 12. Re1 Ba6 13. Nf1 Qc7 14. Qb3 Qc4 15.
Qd1 Qd3 16. Bd2 Nc7 17. Ne3 Qg6 18. Rc1 Rfc8 19. Qa4 Bb5 20. Qb3 Bd3 21. Rc3
Be4 22. Rec1 Bd8 23. Qb4 Nf8 24. Rc6 Bxf3 25. Bxf3 Qd3 26. Qc3 Qa6 27. a3 Ng6
28. Qc2 Ne7 29. Rc3 Ne8 30. Qd1 Rxc3 31. Bxc3 Rc8 32. Be2 Qb7 33. Bd3 b5 34.
Qe2 a6 35. Qh5 g6 36. Qf3 a5 37. Qe2 Nc6 38. Rd1 Nc7 39. b3 b4 40. axb4 Nxb4
41. Bxb4 Qxb4 42. Ng4 Ne8 43. Bb5 Ng7 44. Nh6+ Kf8 45. Ba4 Bg5 46. Qa6 Rd8 47.
Ng4 Nf5 48. Qa7 Kg7 49. Qc7 Rf8 50. f4 Bd8 51. Qc5 Nxd4 52. Qxb4 axb4 53. Kf1
Bb6 54. Rc1 Rd8 55. Nf6 h5 56. Nd7 Ba5 57. Nf6 Nf5 58. Rc5 Ra8 59. Bc6 Rc8 60.
Rxa5 Rxc6 61. Ra8 Nh6 62. Rb8 Rc2 63. Rxb4 Rxh2 64. Rb8 Rb2 1-0

[Event "XXXII Memorial Edoardo Crespi A"]
[Site "Milano ITA"]
[Date "2011.12.07"]
[Round "5"]
[White "Vinzoni, Andrea"]
[Black "Brunello, Roberta"]
[Result "1-0"]
[WhiteElo "2097"]
[BlackElo "1969"]
[PlyCount "111"]
[EventDate "2011.12.03"]

1. d4 d5 2. c4 e6 3. Nc3 Nf6 4. Bg5 Nbd7 5. e3 Be7 6. Nf3 O-O 7. Rc1 c6 8. Bd3
dxc4 9. Bxc4 Nd5 10. Bxe7 Qxe7 11. O-O Nxc3 12. Rxc3 e5 13. Bb3 e4 14. Nd2 Nb6
15. Qb1 Bf5 16. f3 Rae8 17. Rc5 g6 18. Re5 Qb4 19. Rxe8 Rxe8 20. Nxe4 Bxe4 21.
fxe4 Re7 22. Qd1 c5 23. dxc5 Qxc5 24. Qd8+ Kg7 25. Qd4+ Qxd4 26. exd4 f6 27.
Re1 Nc8 28. Kf2 Nd6 29. Kf3 Nf5 30. d5 Nd4+ 31. Ke3 Nxb3 32. axb3 Rc7 33. Kd2
Kf7 34. Re3 Ke7 35. Rc3 Rd7 36. Ke3 Kd6 37. Kd4 Re7 38. Rc8 Rf7 39. Re8 Kd7 40.
Re6 Rf8 41. b4 Rf7 42. g4 g5 43. h3 Rf8 44. b5 Rf7 45. b6 a6 46. b4 Rf8 47. e5
fxe5+ 48. Kxe5 Rf3 49. Rh6 Re3+ 50. Kf5 Rb3 51. Rxh7+ Kd6 52. Rxb7 Rxb4 53.
Kxg5 Kxd5 54. h4 Kc6 55. Rb8 a5 56. h5 1-0

[Event "XXXII Memorial Edoardo Crespi A"]
[Site "Milano ITA"]
[Date "2011.12.08"]
[Round "6"]
[White "Andreoni, Giuseppe"]
[Black "Iudicello, Giovanni"]
[Result "1/2-1/2"]
[WhiteElo "2122"]
[BlackElo "2188"]
[PlyCount "140"]
[EventDate "2011.12.03"]

1. e4 e5 2. Nf3 Nc6 3. Bb5 a6 4. Ba4 Nf6 5. O-O Be7 6. Re1 b5 7. Bb3 d6 8. c3
O-O 9. h3 Na5 10. Bc2 c5 11. d4 Qc7 12. Nbd2 cxd4 13. cxd4 Nc6 14. Nb3 a5 15.
Be3 a4 16. Nbd2 Nb4 17. Bb1 Bd7 18. a3 Nc6 19. Bd3 Qb7 20. d5 Na5 21. b4 axb3
22. Nxb3 Nc4 23. Bc1 Ra4 24. Bc2 Rfa8 25. Nbd2 Nxd2 26. Bxd2 R4a6 27. Bb4 Bd8
28. Rc1 Ba5 29. Bb3 h6 30. Qc2 Qa7 31. Qb2 Nh5 32. Re3 Nf6 33. Ree1 Ne8 34. Re3
Bxb4 35. axb4 Ra1 36. Ree1 Rxc1 37. Rxc1 Qa3 38. Qxa3 Rxa3 39. Nd2 Kf8 40. h4
Ke7 41. Kf1 Kd8 42. Ke2 f5 43. f3 f4 44. Kd3 Ra8 45. Kc2 Rc8+ 46. Kb2 Rxc1 47.
Kxc1 Ke7 48. Nf1 Kf7 49. g4 fxg3 50. Nxg3 Kg6 51. Kd2 Nf6 52. Ke3 Nh5 53. Ne2
Kf6 54. Bd1 g5 55. hxg5+ Kxg5 56. Nc3 Nf4 57. Be2 Nxe2 58. Nxe2 h5 59. Kf2 Bh3
60. Nc3 Bd7 61. Ne2 h4 62. Kg2 Be8 63. Kh3 Bh5 64. Kg2 h3+ 65. Kxh3 Bxf3 66.
Nc3 Kf4 67. Nxb5 Kxe4 68. Nxd6+ Kxd5 69. Nf7 e4 70. Ng5 Kc4 1/2-1/2

[Event "XXXII Memorial Edoardo Crespi A"]
[Site "Milano ITA"]
[Date "2011.12.08"]
[Round "6"]
[White "Anurag, Mhamal"]
[Black "Colovic, Aleksandar"]
[WhiteElo "2222"]
[BlackElo "2451"]
[Result "1/2-1/2"]
[PlyCount "75"]
[EventDate "2011.12.03"]

1. c4 Nf6 2. g3 e5 3. Bg2 Nc6 4. Nc3 Bc5 5. e3 d5 6. cxd5 Nb4 7. d4 exd4 8.
exd4 Be7 9. Nge2 Nbxd5 10. O-O c6 11. Nf4 Nxf4 12. Bxf4 Be6 13. Re1 O-O 14. Rc1
Re8 15. d5 Nxd5 16. Bxd5 cxd5 17. Nb5 Bb4 18. Re3 Ba5 19. Bc7 Qd7 20. Bxa5 Qxb5
21. Bc3 f6 22. Bd4 Bf7 23. Rb3 Qd7 24. Rbc3 b6 25. Rc7 Qf5 26. Qa4 Re4 27. Rxa7
Rae8 28. Ra8 h5 29. Rxe8+ Bxe8 30. Qc2 Bg6 31. Qc8+ Qxc8 32. Rxc8+ Kh7 33. Bxb6
Rb4 34. Be3 Rxb2 35. f3 Bf5 36. Rc5 Rxa2 37. Rxd5 Kg6 38. Rd2 1/2-1/2

[Event "XXXII Memorial Edoardo Crespi A"]
[Site "Milano ITA"]
[Date "2011.12.08"]
[Round "6"]
[White "Battistella, Stefano"]
[Black "Quaranta, Cristiano"]
[Result "1-0"]
[WhiteElo "2081"]
[BlackElo "2118"]
[PlyCount "79"]
[EventDate "2011.12.03"]

1. d4 Nf6 2. c4 c5 3. d5 b5 4. cxb5 a6 5. Nc3 axb5 6. e4 b4 7. Nb5 d6 8. a4
bxa3 9. Rxa3 Rxa3 10. Nxa3 g6 11. Qc2 Bg7 12. Bb5+ Bd7 13. Be2 O-O 14. Nf3 Na6
15. Bd2 Qa8 16. O-O Rb8 17. Bxa6 Qxa6 18. Bc3 Ba4 19. Qb1 Bb5 20. Nxb5 Qxb5 21.
Qc2 Nd7 22. Rc1 Nb6 23. b3 Bxc3 24. Qxc3 Nd7 25. Nd2 Ne5 26. f4 Nd3 27. Rf1 c4
28. Rf3 Qb6+ 29. Kf1 Nc5 30. bxc4 Nxe4 31. Nxe4 Qb1+ 32. Qe1 Qa2 33. Nd2 Rb2
34. Rd3 Rc2 35. Qe2 Qa1+ 36. Kf2 Qa7+ 37. Qe3 Qa2 38. Qe2 Qa7+ 39. Kg3 h5 40.
h4 1-0

[Event "XXXII Memorial Edoardo Crespi A"]
[Site "Milano ITA"]
[Date "2011.12.08"]
[Round "6"]
[White "Berni, Fabrizio"]
[Black "Vinzoni, Andrea"]
[Result "1/2-1/2"]
[WhiteElo "2146"]
[BlackElo "2097"]
[PlyCount "77"]
[EventDate "2011.12.03"]

1. e4 e6 2. d4 d5 3. Nc3 Nf6 4. Bg5 dxe4 5. Nxe4 Nbd7 6. Nf3 Be7 7. Bxf6 Nxf6
8. Bd3 Nxe4 9. Bxe4 O-O 10. Qe2 c5 11. O-O-O Qa5 12. Kb1 cxd4 13. Rxd4 Bf6 14.
Rd3 Rb8 15. Nd4 Bxd4 16. Rxd4 b6 17. Rhd1 Ba6 18. Bd3 Bxd3 19. Qxd3 Qc5 20. f4
g6 21. g4 Rbc8 22. h4 e5 23. fxe5 Qxe5 24. h5 Rfe8 25. Rd7 Rc7 26. h6 Rxd7 27.
Qxd7 a5 28. a3 Kf8 29. Rf1 Qe7 30. Qd4 Qe5 31. Qf2 Qe6 32. g5 b5 33. Qc5+ Qe7
34. Qxb5 Qe2 35. Qc5+ Re7 36. Qc8+ Re8 37. Qc5+ Re7 38. Qc8+ Re8 39. Qc5+
1/2-1/2

[Event "XXXII Memorial Edoardo Crespi A"]
[Site "Milano ITA"]
[Date "2011.12.08"]
[Round "6"]
[White "Bozzali, Ermanno"]
[Black "Cani, Gazmir"]
[WhiteElo "2133"]
[BlackElo "2174"]
[Result "1/2-1/2"]
[PlyCount "58"]
[EventDate "2011.12.03"]

1. d4 Nf6 2. c4 c5 3. e3 g6 4. Nf3 Bg7 5. Nc3 O-O 6. g3 d5 7. cxd5 Nxd5 8. Bg2
Nc6 9. O-O cxd4 10. Nxd5 Qxd5 11. Nxd4 Qd7 12. Nxc6 bxc6 13. Qa4 Bb7 14. Rd1
Qc8 15. Rb1 Rb8 16. b3 c5 17. Ba3 Bxg2 18. Kxg2 Rb6 19. Qc4 Ra6 20. Bxc5 Rxa2
21. b4 Ra4 22. Qd5 Re8 23. Rbc1 e6 24. Qf3 a6 25. Rd6 Bf8 26. Rc6 Qb7 27. Rd1
a5 28. Bxf8 Rxf8 29. bxa5 Rxa5 1/2-1/2

[Event "XXXII Memorial Edoardo Crespi A"]
[Site "Milano ITA"]
[Date "2011.12.08"]
[Round "6"]
[White "Brunello, Marina"]
[Black "Massironi, Marco"]
[WhiteElo "2221"]
[BlackElo "2171"]
[Result "1-0"]
[PlyCount "71"]
[EventDate "2011.12.03"]

1. e4 c5 2. c3 d6 3. d4 Nf6 4. dxc5 Nc6 5. Qc2 d5 6. Nd2 e5 7. Ngf3 Bxc5 8.
exd5 Qxd5 9. Bc4 Bxf2+ 10. Kxf2 Qc5+ 11. Ke1 e4 12. Nd4 O-O 13. Nxc6 bxc6 14.
Be2 Ng4 15. Bxg4 Bxg4 16. Nf1 Rad8 17. Be3 Qb5 18. h3 Be6 19. Kf2 f5 20. g3 Rd3
21. Rh2 g5 22. Kg1 h6 23. h4 f4 24. gxf4 gxf4 25. Rg2+ Kh7 26. Bd4 Rf7 27. Rd1
f3 28. Rg3 Bc4 29. Rxd3 Bxd3 30. Qf2 Qh5 31. Ne3 Qxh4 32. Ng4 Qe7 33. Rh3 h5
34. Rxh5+ Kg6 35. Rh6+ Kf5 36. Ne3+ 1-0

[Event "XXXII Memorial Edoardo Crespi A"]
[Site "Milano ITA"]
[Date "2011.12.08"]
[Round "6"]
[White "Castrogiovanni, Carlo"]
[Black "Agrifoglio, Fabio"]
[Result "0-1"]
[WhiteElo "2027"]
[BlackElo "2019"]
[PlyCount "104"]
[EventDate "2011.12.03"]

1. d4 d6 2. Nf3 g6 3. e4 Nf6 4. Bd3 Bg7 5. Bf4 Nc6 6. c3 e5 7. dxe5 Nh5 8. Bg5
f6 9. exf6 Bxf6 10. Be3 Qe7 11. Nbd2 a6 12. Qb3 Bd7 13. O-O Na5 14. Qc2 b5 15.
c4 O-O 16. cxb5 axb5 17. Be2 c5 18. Rfe1 Kh8 19. Rad1 Nc6 20. a3 c4 21. Nb1 Be5
22. Nc3 Nf6 23. Bg5 Bxc3 24. Qxc3 Ne5 25. Qd4 Bg4 26. Qxd6 Qxd6 27. Rxd6 Nxe4
28. Rd5 Bxf3 29. Rxe5 Nxg5 30. Rxg5 Bc6 31. Bg4 Rfe8 32. Rge5 Rxe5 33. Rxe5 Rd8
34. Rc5 Rd6 35. h3 Kg7 36. Kh2 Kf6 37. Bc8 Be8 38. Bb7 Rd2 39. Rc8 Bd7 40. Rd8
Ke7 41. Rh8 Rxb2 42. Rxh7+ Kd6 43. Be4 Rxf2 44. Bxg6 Bc6 45. Kg1 Rxg2+ 46. Kf1
Rxg6 47. Ke2 Rg2+ 48. Kd1 Bf3+ 49. Kc1 c3 50. Rh4 Ke5 51. a4 Be4 52. axb5 Rg1#
0-1

[Event "XXXII Memorial Edoardo Crespi A"]
[Site "Milano ITA"]
[Date "2011.12.08"]
[Round "6"]
[White "Cazzaniga, Walter"]
[Black "Montani, Francesco"]
[Result "1-0"]
[WhiteElo "2118"]
[BlackElo "2245"]
[PlyCount "107"]
[EventDate "2011.12.03"]

1. d4 Nf6 2. c4 c5 3. d5 b5 4. cxb5 a6 5. bxa6 Bxa6 6. Nc3 d6 7. Nf3 g6 8. g3
Bg7 9. Bg2 O-O 10. O-O Nbd7 11. Qc2 Qa5 12. Rd1 Rfb8 13. Rb1 Ng4 14. Bd2 Nge5
15. Nxe5 Nxe5 16. b3 c4 17. Rdc1 cxb3 18. axb3 Qa3 19. Bf1 Rc8 20. Qa2 Qb4 21.
Na4 Qb7 22. Be3 Rxc1 23. Rxc1 Bb5 24. Qc2 Bxa4 25. bxa4 Bf6 26. Bd2 Kg7 27. a5
h5 28. h3 Nd7 29. Qc6 Qa7 30. Rb1 Ne5 31. Qc2 Nd7 32. e4 Bd4 33. Be1 Nc5 34.
Kg2 h4 35. g4 e6 36. Bb5 exd5 37. exd5 Qe7 38. Bc6 Ra7 39. Rd1 Be5 40. Bd2 g5
41. Qf5 f6 42. Rb1 Qf7 43. Rb8 Re7 44. Qc8 Kh6 45. Be3 Qg6 46. Qf5 Qg7 47. Rd8
Rc7 48. Bxc5 dxc5 49. a6 c4 50. Bb7 Bd4 51. d6 Rc5 52. Qe4 f5 53. Qe6+ Kh7 54.
Rd7 1-0

[Event "XXXII Memorial Edoardo Crespi A"]
[Site "Milano ITA"]
[Date "2011.12.08"]
[Round "6"]
[White "Drazic, Sinisa"]
[Black "David, Alberto"]
[WhiteElo "2537"]
[BlackElo "2597"]
[Result "1/2-1/2"]
[PlyCount "106"]
[EventDate "2011.12.03"]

1. d4 Nf6 2. Nf3 d5 3. c4 e6 4. Nc3 Bb4 5. e3 O-O 6. Bd2 c5 7. a3 Bxc3 8. Bxc3
Ne4 9. Rc1 Nxc3 10. Rxc3 cxd4 11. Nxd4 dxc4 12. Bxc4 Bd7 13. Be2 Nc6 14. Bf3
Nxd4 15. Qxd4 Bb5 16. Bxb7 Qxd4 17. exd4 Rab8 18. Bf3 Rfd8 19. d5 exd5 20. Kd2
Bc4 21. b4 a5 22. Rb1 Rb6 23. Be2 Kf8 24. b5 Rdb8 25. a4 Bxe2 26. Kxe2 Re8+ 27.
Re3 Rc8 28. Kd2 Rc4 29. Rc1 Rd4+ 30. Ke2 g6 31. Ra3 Re6+ 32. Kf3 Ree4 33. Rb1
Rf4+ 34. Ke2 Rb4 35. Rbb3 Ke7 36. g3 Rfc4 37. h4 Kd7 38. Rxb4 Rxb4 39. Kd2 Kc7
40. h5 gxh5 41. Rf3 Rxa4 42. Rxf7+ Kb6 43. Rxh7 Ra2+ 44. Ke3 Rb2 45. Rxh5 Rxb5
46. Rh6+ Kc5 47. Ra6 Kb4 48. Kd4 a4 49. f4 a3 50. f5 Ra5 51. Rb6+ Rb5 52. Ra6
Ra5 53. Rb6+ Rb5 1/2-1/2

[Event "XXXII Memorial Edoardo Crespi A"]
[Site "Milano ITA"]
[Date "2011.12.08"]
[Round "6"]
[White "Formento, Paolo"]
[Black "Cacciola, Alfredo"]
[Result "1/2-1/2"]
[WhiteElo "2133"]
[BlackElo "2080"]
[PlyCount "86"]
[EventDate "2011.12.03"]

1. e4 c5 2. Nf3 d6 3. Bb5+ Bd7 4. Bxd7+ Qxd7 5. O-O Nc6 6. c3 Nf6 7. Qe2 g6 8.
d4 cxd4 9. cxd4 d5 10. e5 Ne4 11. Nbd2 Nxd2 12. Bxd2 Bg7 13. b4 O-O 14. b5 Nd8
15. Be3 Ne6 16. Ng5 Rac8 17. Rac1 f5 18. Rxc8 Rxc8 19. Nxe6 Qxe6 20. Rc1 Rxc1+
21. Bxc1 Qc8 22. Be3 e6 23. h4 Qc3 24. g3 Bf8 25. h5 Bb4 26. hxg6 hxg6 27. Qf3
Qd3 28. a4 Bf8 29. Qf4 Qd1+ 30. Kg2 Qg4 31. Qxg4 fxg4 32. Bd2 Ba3 33. Bc3 Kf7
34. Kf1 g5 35. Ke2 Kg6 36. Kd3 Kf5 37. Ba5 Bc1 38. Bc7 Ba3 39. Bb8 a6 40. Ba7
Bb4 41. Bc5 Be1 42. Ke2 Ba5 43. Ke3 Be1 1/2-1/2

[Event "XXXII Memorial Edoardo Crespi A"]
[Site "Milano ITA"]
[Date "2011.12.08"]
[Round "6"]
[White "Giretti Kanev, Jasen"]
[Black "Salvador, Roland"]
[WhiteElo "2199"]
[BlackElo "2500"]
[Result "0-1"]
[PlyCount "66"]
[EventDate "2011.12.03"]

1. Nf3 Nf6 2. d4 g6 3. Bf4 Bg7 4. e3 c5 5. Nbd2 b6 6. Bd3 Bb7 7. O-O Nc6 8. c3
Nh5 9. d5 Nxf4 10. dxc6 dxc6 11. Bc4 Nh5 12. Ng5 O-O 13. Nde4 Nf6 14. Nxf7 Rxf7
15. Ng5 Qxd1 16. Raxd1 Nd5 17. Nxf7 Kxf7 18. e4 b5 19. Bb3 c4 20. exd5 cxb3 21.
dxc6 Bxc6 22. axb3 a5 23. Rfe1 Bf6 24. Rd3 Ra7 25. f3 e6 26. Rd6 Bd5 27. Rb6 b4
28. Rc1 Bxb3 29. Rc6 bxc3 30. bxc3 a4 31. Kf2 a3 32. Ke2 a2 33. Ra1 Rd7 0-1

[Event "XXXII Memorial Edoardo Crespi A"]
[Site "Milano ITA"]
[Date "2011.12.08"]
[Round "6"]
[White "Gongalov, Bojan"]
[Black "Di Lascio, Savino"]
[Result "1-0"]
[WhiteElo "2084"]
[BlackElo "2015"]
[PlyCount "89"]
[EventDate "2011.12.03"]

1. d4 Nf6 2. c4 c5 3. d5 b5 4. cxb5 a6 5. bxa6 g6 6. Nc3 d6 7. e4 Bxa6 8. Qa4+
Nbd7 9. Bxa6 Qb6 10. Qc6 Qxa6 11. Nb5 Kd8 12. f3 Qxc6 13. dxc6 Ne5 14. Bg5 Bg7
15. f4 Nd3+ 16. Ke2 Nxb2 17. e5 Ne4 18. Nf3 h6 19. Bh4 g5 20. fxg5 hxg5 21.
Bxg5 f6 22. exf6 exf6 23. Be3 Re8 24. Nh4 d5 25. Nf5 Bf8 26. Kf3 Ra5 27. a4 d4
28. Bf4 Ng5+ 29. Kg4 Re4 30. Rhe1 Rxf4+ 31. Kxf4 Nd3+ 32. Kg4 Nxe1 33. Rxe1 Ra8
34. h4 Nf7 35. Re6 d3 36. Kf3 c4 37. Rxf6 Ne5+ 38. Ke4 Be7 39. Nxe7 Kxe7 40.
Kxe5 d2 41. Re6+ Kf7 42. Rd6 c3 43. Nxc3 Ra5+ 44. Rd5 d1=Q 45. Nxd1 1-0

[Event "XXXII Memorial Edoardo Crespi A"]
[Site "Milano ITA"]
[Date "2011.12.08"]
[Round "6"]
[White "Gori, Andrea"]
[Black "Tramalloni, Luca"]
[Result "1-0"]
[WhiteElo "2087"]
[BlackElo "2111"]
[PlyCount "71"]
[EventDate "2011.12.03"]

1. e4 e6 2. d4 d5 3. exd5 exd5 4. Bd3 Nc6 5. c3 Bd6 6. Qc2 Nge7 7. Ne2 Be6 8.
Nd2 Qd7 9. Nb3 O-O-O 10. Bf4 Bf5 11. Bxd6 Bxd3 12. Qxd3 Qxd6 13. Nc5 Nb8 14.
O-O Nd7 15. b4 Nb6 16. a4 Nc4 17. Ra2 Qg6 18. Qd1 Rde8 19. a5 h5 20. b5 h4 21.
h3 Qd6 22. Nc1 g5 23. N1d3 Reg8 24. Re1 g4 25. hxg4 h3 26. g3 Kb8 27. Qf3 Rg7
28. Rae2 Nc8 29. Re8 Rgg8 30. Qxf7 Rxe8 31. Rxe8 Rxe8 32. Qxe8 c6 33. Nd7+ Kc7
34. N3c5 b6 35. Ne6+ Kb7 36. a6+ 1-0

[Event "XXXII Memorial Edoardo Crespi A"]
[Site "Milano ITA"]
[Date "2011.12.08"]
[Round "6"]
[White "Kosic, Dragan"]
[Black "Bove, Alessandro"]
[WhiteElo "2502"]
[BlackElo "2369"]
[Result "1-0"]
[PlyCount "135"]
[EventDate "2011.12.03"]

1. d4 Nf6 2. Nf3 c5 3. d5 e6 4. Nc3 exd5 5. Nxd5 Nxd5 6. Qxd5 d6 7. Ng5 Qf6 8.
e4 h6 9. Bb5+ Nd7 10. Bxd7+ Bxd7 11. Qxb7 Rd8 12. Nf3 Be7 13. O-O O-O 14. Qxa7
Qg6 15. Qa3 Bc6 16. Nd2 f5 17. Qg3 Qh5 18. Qd3 Qg6 19. f3 Kh8 20. exf5 Rxf5 21.
Nc4 Qf7 22. b3 Bb5 23. a4 Ba6 24. Ne5 Qf6 25. Qxa6 Qxe5 26. Rb1 d5 27. Qd3 c4
28. bxc4 dxc4 29. Qxc4 Bc5+ 30. Kh1 Rd4 31. Qb5 Kh7 32. Bb2 Rh5 33. Qd3+ Rxd3
34. Bxe5 Rd2 35. f4 Bd4 36. Rbd1 Rxd1 37. Rxd1 Bxe5 38. fxe5 Rxe5 39. Ra1 Ra5
40. Kg1 Kg6 41. Kf2 Kf5 42. Ke3 Ke5 43. Kd3 Kd5 44. Kc3 Kc5 45. Ra2 h5 46. Kb3
h4 47. c3 Kb6 48. Kb4 h3 49. gxh3 Rh5 50. Rg2 Rxh3 51. Rg6+ Kb7 52. Rxg7+ Ka6
53. Rg2 Rh8 54. c4 Rb8+ 55. Kc3 Rh8 56. Kb4 Rb8+ 57. Kc5 Rh8 58. Kd5 Rh5+ 59.
Kd6 Rh6+ 60. Ke7 Kb6 61. Rf2 Kc5 62. Rc2 Ra6 63. h4 Rh6 64. Rh2 Kxc4 65. h5 Kd5
66. Kf7 Ke5 67. Kg7 Rc6 68. h6 1-0

[Event "XXXII Memorial Edoardo Crespi A"]
[Site "Milano ITA"]
[Date "2011.12.08"]
[Round "6"]
[White "Malaniuk, Vladimir P."]
[Black "Bellia, Fabrizio"]
[WhiteElo "2504"]
[BlackElo "2418"]
[Result "1-0"]
[PlyCount "121"]
[EventDate "2011.12.03"]

1. d4 d5 2. c4 e6 3. Nc3 Nf6 4. cxd5 exd5 5. Bg5 Be7 6. e3 c6 7. Qc2 O-O 8. Bd3
Nbd7 9. Nf3 Re8 10. h3 Nf8 11. Bf4 Ng6 12. Bh2 Bd6 13. Bxd6 Qxd6 14. O-O-O Bd7
15. Kb1 Rac8 16. g4 Qe7 17. Ka1 b5 18. Rc1 a5 19. g5 Ne4 20. h4 Bg4 21. Bxe4
dxe4 22. Nd2 c5 23. dxc5 Rxc5 24. Qxe4 Qd7 25. Qd4 Qxd4 26. exd4 Rf5 27. f3 Bh5
28. Nce4 Bxf3 29. Nd6 Bxh1 30. Nxf5 Bd5 31. h5 Nf4 32. Nd6 Rd8 33. Nxb5 Nxh5
34. Rc5 f5 35. Nc3 Bg2 36. Rxf5 Rxd4 37. Nb3 Rh4 38. a4 Nf4 39. Rxa5 Nd3 40.
Kb1 Nb4 41. Kc1 Bc6 42. Kd2 Rh3 43. Nc1 Kf7 44. Rc5 Rh4 45. N1e2 Ke7 46. Nb5
Kd7 47. Nbd4 Bg2 48. a5 Nc6 49. Nxc6 Bxc6 50. Kc3 Kd6 51. b4 Bd5 52. a6 Rh3+
53. Kd2 Ra3 54. Nd4 Ke5 55. Nb5 Ra2+ 56. Ke3 Rxa6 57. Rxd5+ Kxd5 58. Nc7+ Kc4
59. Nxa6 Kb5 60. Nc7+ Kxb4 61. Ne6 1-0

[Event "XXXII Memorial Edoardo Crespi A"]
[Site "Milano ITA"]
[Date "2011.12.08"]
[Round "6"]
[White "Miracola, Massimiliano"]
[Black "Thakur, Akash"]
[WhiteElo "2007"]
[BlackElo "2324"]
[Result "1/2-1/2"]
[PlyCount "117"]
[EventDate "2011.12.03"]

1. e4 e5 2. Nf3 Nc6 3. Nc3 Nf6 4. Bb5 Bb4 5. O-O O-O 6. d3 d6 7. Bg5 Bxc3 8.
bxc3 Qe7 9. Re1 Nd8 10. d4 Ne6 11. Bd2 Rd8 12. a4 Nf8 13. a5 c5 14. d5 Ng6 15.
Bf1 h6 16. Bc1 Nh7 17. Nd2 Kh8 18. Nc4 Rf8 19. Qh5 Nf6 20. Qe2 Ne8 21. Qh5 Kh7
22. Bd3 Nf6 23. Qe2 Kh8 24. h3 Ne8 25. Qh5 Qc7 26. f4 exf4 27. e5 dxe5 28. Nxe5
Nxe5 29. Qxe5 Qxe5 30. Rxe5 g5 31. h4 f6 32. Re7 Ng7 33. hxg5 hxg5 34. Ba3 Bf5
35. Bxc5 Rac8 36. Bb4 Rfd8 37. c4 Rb8 38. Bc3 Rf8 39. Rae1 Bxd3 40. cxd3 Nf5
41. Rc7 Kg8 42. Re6 Ng7 43. Rxf6 Rxf6 44. Bxf6 Ne8 45. Be5 Nxc7 46. Bxc7 Ra8
47. Kf2 Kf7 48. Kf3 Re8 49. Kg4 Kg6 50. g3 fxg3 51. Bxg3 a6 52. Bf2 Re2 53. Bb6
Rh2 54. d6 Rh4+ 55. Kg3 Rh7 56. c5 Kf5 57. d4 g4 58. d5 Ke5 59. Kxg4 1/2-1/2

[Event "XXXII Memorial Edoardo Crespi A"]
[Site "Milano ITA"]
[Date "2011.12.08"]
[Round "6"]
[White "Moroni, Luca jr"]
[Black "Astengo, Corrado"]
[Result "0-1"]
[WhiteElo "2030"]
[BlackElo "2095"]
[PlyCount "96"]
[EventDate "2011.12.03"]

1. e4 c5 2. Nf3 e6 3. d4 cxd4 4. Nxd4 a6 5. Nc3 b5 6. a3 Bb7 7. Be2 Qc7 8. Bf3
Nf6 9. O-O d6 10. Bg5 Nbd7 11. Bh5 Qc4 12. Be2 Qc7 13. Bh5 Qc4 14. Be2 Qc7 15.
Bd3 Be7 16. Be3 O-O 17. f4 Nc5 18. Qf3 d5 19. e5 Nfe4 20. Bxe4 Nxe4 21. Nxe4
dxe4 22. Qf2 Rac8 23. g4 Bc5 24. c3 Bd5 25. Rac1 f6 26. b4 Be7 27. exf6 Bxf6
28. Qd2 Bc4 29. Rf2 e5 30. Nf5 Rcd8 31. Qe1 exf4 32. Bxf4 Qb7 33. Bd6 Rfe8 34.
Qe3 Be6 35. Bc5 Bxf5 36. Rxf5 Rd3 37. Qf4 Rf3 38. Qd2 Rd8 39. Qa2+ Kh8 40. Rxf3
exf3 41. Qf2 Qe4 42. h3 Bxc3 43. Rxc3 Rd1+ 44. Kh2 Qe5+ 45. Qg3 Rh1+ 46. Kxh1
Qxg3 47. Rc2 Qxh3+ 48. Rh2 Qxg4 0-1

[Event "XXXII Memorial Edoardo Crespi A"]
[Site "Milano ITA"]
[Date "2011.12.08"]
[Round "6"]
[White "Nicolo', Filippo"]
[Black "Vezzosi, Paolo"]
[Result "1-0"]
[WhiteElo "2024"]
[BlackElo "2321"]
[PlyCount "37"]
[EventDate "2011.12.03"]

1. e4 c5 2. Nc3 Nc6 3. Bb5 Nd4 4. Nf3 Nxb5 5. Nxb5 d6 6. O-O Bg4 7. d4 Bxf3 8.
Qxf3 a6 9. Na3 cxd4 10. e5 dxe5 11. Qxb7 Qc8 12. Qe4 f6 13. f4 exf4 14. Bxf4 e5
15. Bxe5 fxe5 16. Qxe5+ Ne7 17. Rae1 Ra7 18. Nc4 Rd7 19. Nd6+ 1-0